00440nam a2200157Ia 4500008004100000100002400041245002100065245002300086260002100109260000900130300003400139440005800173650001400231650001600245650002100261190509s9999 xx 000 0 und d aMarano, Hara Estoff aCharacters turn/ cHara Estoff Marano bSussex Publisher c2018 aPages 52-61, July/August 2018 aPsychology Today: Turning Pointsv1/2/1900 3:04:00 AM acharacter apersonality asocial cognition